Zdravá střeva /
Kniha popisuje vliv střevního mikrobiomu na celé lidské tělo, na nemoci, na imunitu - z čeho se mikrobiom skládá, jak funguje, na co všechno má vliv (od střevních potíží po deprese, různé štěpení a zpracovávání hormonů, obezitu, cukrovku).
Uloženo v:
| Hlavní autor: | |
|---|---|
| Další autoři: | |
| Médium: | E-kniha |
| Jazyk: | Czech |
| Vydáno: |
V Brně :
Jota,
2022
|
| Vydání: | Vydání první |
| Témata: | |
| Tagy: |
Žádné tagy |
| LEADER | 02762cam a2200637 i 4500 | ||
|---|---|---|---|
| 001 | 311699 | ||
| 003 | CZ PrSKC | ||
| 005 | 20260601215710.0 | ||
| 007 | ta | ||
| 008 | 221025s2022 xr e f 001 0 cze d | ||
| 015 | |a cnb003466294 | ||
| 020 | |a 9788075659675 |q (brožováno) | ||
| 035 | |a (OCoLC)1354195450 | ||
| 040 | |a ULG001 |b cze |d BOA001 |d ABA001 |e rda | ||
| 041 | 1 | |a cze |h eng | |
| 072 | 7 | |a 613 |x Hygiena. Lidské zdraví |2 Konspekt | |
| 080 | |a [612.33+612.36]:579 |2 MRF | ||
| 080 | |a 616 |2 MRF | ||
| 080 | |a 614 |2 MRF | ||
| 080 | |a 616-092.19 |2 MRF | ||
| 080 | |a 613 |2 MRF | ||
| 080 | |a 613.2 |2 MRF | ||
| 080 | |a (0.062) |2 MRF | ||
| 080 | |a (083.12) |2 MRF | ||
| 100 | 1 | |a Davis, William, |d 1957- |7 xx0174356 |4 aut | |
| 240 | 1 | 0 | |a Super gut. |l Česky |
| 245 | 1 | 0 | |a Zdravá střeva / |c William Davis ; z anglického originálu Super gut ... přeložila Jana Kordíková |
| 250 | |a Vydání první | ||
| 264 | 1 | |a V Brně : |b Jota, |c 2022 | |
| 300 | |a 413 stran ; |c 21 cm | ||
| 336 | |a text |b txt |2 rdacontent | ||
| 337 | |a bez média |b n |2 rdamedia | ||
| 338 | |a svazek |b nc |2 rdacarrier | ||
| 500 | |a Obálkový podnázev: čtyřtýdenní plán, jak obnovit zdravý střevní mikrobiom, a tím zlepšit své zdraví | ||
| 504 | |a Obsahuje bibliografické odkazy a rejstřík | ||
| 520 | 2 | |a Kniha popisuje vliv střevního mikrobiomu na celé lidské tělo, na nemoci, na imunitu - z čeho se mikrobiom skládá, jak funguje, na co všechno má vliv (od střevních potíží po deprese, různé štěpení a zpracovávání hormonů, obezitu, cukrovku). | |
| 650 | 0 | 7 | |a střevní mikroflóra |7 ph292622 |2 czenas |
| 650 | 0 | 7 | |a střevní mikroflóra |7 ph292622 |x zdravotní aspekty |2 czenas |
| 650 | 0 | 7 | |a imunitní systém |7 ph121043 |2 czenas |
| 650 | 0 | 7 | |a péče o zdraví |7 ph124852 |2 czenas |
| 650 | 0 | 7 | |a racionální výživa |7 ph124968 |2 czenas |
| 650 | 0 | 9 | |a intestinal microflora |2 eczenas |
| 650 | 0 | 9 | |a intestinal microflora |x health aspects |2 eczenas |
| 650 | 0 | 9 | |a immune system |2 eczenas |
| 650 | 0 | 9 | |a health care |2 eczenas |
| 650 | 0 | 9 | |a rational nutrition |2 eczenas |
| 655 | 7 | |a populárně-naučné publikace |7 fd131864 |2 czenas | |
| 655 | 7 | |a kuchařské recepty |7 fd132687 |2 czenas | |
| 655 | 9 | |a popular works |2 eczenas | |
| 655 | 9 | |a cookbooks |2 eczenas | |
| 700 | 1 | |a Kordíková, Jana, |d 1976- |7 mzk2006377736 |4 trl | |
| 900 | |a ABA001 |b 20 | ||
| 044 | |a xr | ||
| 910 | |a RBIT002 | ||
| 998 | |d 361952 |a https://core.palmknihy.cz/api/books/361952/cover?rjjljv |b https://core.palmknihy.cz/api/books/361952/cover/400?rjjljv |c https://core.palmknihy.cz/api/books/361952/cover/50?rjjljv |e 2026-11-26 |g 415 |i 9788075659675 |j https://core.palmknihy.cz/api/books/361952/preview.epub |l |q 49 |r 1 |s https://www.palmknihy.cz/kniha/361952 |t ebook |y 2022 |z 0 | ||
| 999 | |d 311697 | ||